Inner Mongolia

Saved in:
Bibliographic Details
Format: Book
Language:Spanish
Published: Beijing China Intercontinental 2001
Series:West China
Subjects:
Tags: Add Tag
No Tags, Be the first to tag this record!

MARC

LEADER 00000nam a2200000 a 4500
001 UCL4803
003 CL-VaPUC
008 040227e20010000ch |||||||||||||||||spa|d
020 |a 7801139631 
082 0 4 |a 915.17  |b INN  |2 21 
245 1 0 |a Inner Mongolia 
300 |a 180 p 
942 |c BK 
945 |d 20040227 00:00:00  |a cmena 
260 |a Beijing  |b China Intercontinental  |c 2001 
650 7 |a LUGARES GEOGRAFICOS  |2 CL-VaPUC  |9 482458 
650 0 |a Producción industrial  |9 307907 
650 0 |a Costumbres y tradiciones   |9 268292 
651 7 |a MONGOLIA  |2 CL-VaPUC  |9 379443 
583 |a last modification  |c 20130822 02:22:54  |k Rodrigo Vera 
490 0 |a West China 
999 |c 307569  |d 307567 
952 |0 0  |1 0  |4 0  |6 915_170000000000000_INN_2001  |7 0  |8 A  |9 373591  |a BIBGIM  |b BIBGIM  |d 2019-11-21  |i 3971759  |o 915.17 INN 2001  |p 3971759  |r 2025-01-15  |w 2019-11-21  |y BK  |k ORI